000 00283nam a2200121Ia 4500
008 190216s9999||||xx |||||||||||||| ||und||
100 _aThomas Pala
245 0 _aAnthoni Purathe Rathrikal
260 _bDc Books Kottayam
300 _a240
650 _aMalayalam Novel
942 _cBK
999 _c27681
_d27681